[Event "FIDE World Cup 2017"]
[Site "Tbilisi"]
[Date "2017.09.03"]
[Round "1.1"]
[White "Kulaots, Kaido"]
[Black "Vitiugov, Nikita"]
[Result "1/2-1/2"]
[WhiteElo "2571"]
[BlackElo "2728"]
[Annotator "TA"]
[PlyCount "70"]
[EventDate "2017.??.??"]
[EventType "k.o."]
[EventCountry "GEO"]
[SourceTitle "playchess.com"]
[Source "ChessBase"]
[SourceQuality "1"]

{[%evp 16,70,38,43,36,14,6,-45,-52,-157,-150,-171,-64,-162,-153,-149,-141,-125,-107,-267,-232,-274,-230,-240,-175,-181,-168,-177,-183,-174,-49,-137,-139,-124,-37,-77,-37,-112,8,8,8,10,293,0,0,-88,0,0,0,0,410,0,0,0,327,0,0]} 1. e4 c5 2. Nf3 e6 3. d4 cxd4 4. Nxd4 Nc6 5. Nc3 a6 6. Be2 d6 7. Be3 Nf6 8. Qd2 {B90: Sicilian Najdorf: Unusual White 6th moves, 6 Be3 Ng4 and 6 Be3 e5} Bd7 9. f4 {LiveBook: 12 Games} Rc8 10. O-O-O {White is slightly better.} b5 {[%cal Bb7b5,Bb5b4][%mdl 32]} 11. Bf3 ({White should play} 11. a3 $11) 11... Na5 $15 12. g4 $146 (12. b3 $15) ({Predecessor:} 12. b3 Qc7 13. Nb1 e5 14. Nf5 Bxf5 15. exf5 e4 {½-½ (44) Shirov,A (2726)-Rublevsky,S (2649) Izmir 2004}) 12... b4 $1 $17 {[%cal Rb4c3]} 13. Nce2 e5 ({Black should try} 13... Nc4 $19 14. Qd3 e5) 14. g5 (14. b3 $1 $15) 14... Nc4 15. Qd3 exd4 16. Nxd4 Ng4 17. Bxg4 $2 (17. Bg1 $17) 17... Bxg4 $19 18. Rde1 Bd7 19. h4 Qa5 20. Kb1 Bb5 21. Qd1 g6 22. f5 {[%cal Bf4f5,Bf5f6][%mdl 32]} Be7 (22... h5 $19 23. Bf4 Bd7) 23. Bc1 ({Better is} 23. Bf4 $1 $15) 23... Bd7 $17 24. h5 {Threatens to win with hxg6.} Rf8 (24... Rg8 $1 $17 25. hxg6 hxg6) 25. hxg6 hxg6 26. Rh7 (26. Bf4 $1 $15) 26... Qc5 (26... gxf5 $6 27. exf5 Ne5 28. g6 $11) (26... Rg8 $1 $17 27. Bf4 (27. fxg6 fxg6 28. Nf5 Bf8 $17) 27... Ne5) 27. f6 $1 $11 Bd8 {And now ...Bb6 would win.} 28. Reh1 $1 Ba4 $2 {[%mdl 8192]} (28... a5 $11 {and Black is okay.}) 29. Rh8 $2 (29. b3 $1 $18) 29... Rxh8 30. Rxh8+ Kd7 31. Rh7 $1 Ne5 {Strongly threatening ...Bb6.} 32. Bf4 {next b3 is good for White.} Ke8 $2 {[%mdl 8192]} (32... Qc4 $2 33. b3 $18) (32... Bb6 $1 $11 {and Black has nothing to worry.} 33. Bxe5 dxe5 34. Rxf7+ (34. Nb3+ Qd6 $15) 34... Ke8 35. Re7+ Qxe7 36. fxe7 Bxd4) 33. Rh8+ $2 (33. Bxe5 $1 $18 dxe5 34. Rh8+ Kd7 35. Nb3+ Qd6 36. Nc5+ $1 {[%mdl 512]} Kc7 37. Qxd6+ Kxd6 38. Nxa4) 33... Kd7 {aiming for ...Bb6.} 34. Rh7 {Black must now prevent b3.} Ke8 $2 {[%mdl 8192]} ({But not} 34... Qc4 $2 35. b3 $18) (34... Bb6 $11 35. Bxe5 dxe5 36. Rxf7+ (36. Nb3+ Qd6 $17) 36... Ke8 37. Re7+ Qxe7 38. fxe7 Bxd4) 35. Rh8+ $2 (35. Bxe5 $1 $18 dxe5 36. Rh8+ Kd7 37. Nb3+ Qd6 {[#]} 38. Nc5+ $1 {[%mdl 512]} Kc7 39. Qxd6+ Kxd6 40. Nxa4) 35... Kd7 {Precision: White = 45%, Black = 47%.} 1/2-1/2

[Event "FIDE World Cup 2017"]
[Site "Tbilisi"]
[Date "2017.09.03"]
[Round "1.1"]
[White "Fier, Alexandr"]
[Black "Bacrot, Etienne"]
[Result "1/2-1/2"]
[WhiteElo "2569"]
[BlackElo "2728"]
[Annotator "TA"]
[PlyCount "59"]
[EventDate "2017.??.??"]
[EventType "k.o."]
[EventCountry "GEO"]
[SourceTitle "playchess.com"]
[Source "ChessBase"]
[SourceQuality "1"]

{[%evp 23,59,-2,10,4,78,47,31,-68,-59,-29,161,168,421,422,441,448,439,441,429,0,305,0,424,406,454,219,289,286,274,220,256,214,210,129,124,31,32,34]} 1. d4 d5 2. c4 e6 3. Nc3 Be7 4. cxd5 exd5 5. Bf4 c6 6. e3 Bf5 7. g4 Be6 8. h4 Nd7 9. h5 {D31: Queen's Gambit Declined: Semi-Slav without ...Nf6 (+ Marshall Gambit and Noteboom) and Exchange Variation lines without ...Nf6} (9. g5 h6 10. g6 f5 11. h5 Ngf6 12. f3 Nb6 13. Qc2 O-O 14. Bd3 Qd7 15. Qh2 Nc4 16. b3 Nd6 {0-1 (58) Van Kampen,R (2643)-Bruzon Batista,L (2643) Linares 2017}) 9... Nh6 10. Be2 Nb6 11. Nh3 g5 12. hxg6 hxg6 {LiveBook: 8 Games} 13. a4 Ng8 $146 (13... g5 $11 {remains equal.}) ({Predecessor:} 13... Nc4 14. Bxc4 dxc4 15. f3 g5 16. Bg3 f5 {½-½ (52) Istomin,A (2232)-Bailey,K (2255) ICCF email 2010}) 14. Qb3 Qd7 15. Nb5 (15. f3 $1 $14) 15... Kf8 16. Nc7 Rd8 $2 (16... Bxg4 $11 {and Black is okay.} 17. Nxa8 Nxa8 18. Bxg4 Qxg4) 17. Nxe6+ $18 fxe6 $2 (17... Qxe6 {is a better defense.} 18. O-O-O Qd7) 18. O-O-O Kg7 19. Be5+ Bf6 {and the idea ...Bxe5 leaves Black hopeful.} 20. Bg3 Bh4 {Now ...Bxg3 and Black clings on.} 21. Be5+ Bf6 22. Bg3 Bh4 $1 {[#] If only Black now had time for ...Bxg3....} 23. e4 $1 {[%mdl 512]} Qe7 {intending ...Bxg3.} ({Weaker is} 23... Bxg3 24. Qxg3 Qd6 25. Qxd6 $18) (23... dxe4 24. Be5+) 24. a5 (24. Be5+ $142 Bf6 25. Qg3) 24... Bxg3 25. Qxg3 ({Not} 25. fxg3 Nd7 $16) 25... Nd7 26. e5 c5 27. f4 Nh6 28. Ng5 cxd4 {[#]} 29. Qa3 ({Better is} 29. Nf3 $1 $16) 29... Rde8 $1 $14 30. Qxe7+ {Precision: White = 52%, Black = 51%.} 1/2-1/2

[Event "FIDE World Cup 2017"]
[Site "Tbilisi"]
[Date "2017.09.03"]
[Round "1.1"]
[White "Gonzalez Vidal, Yuri"]
[Black "Harikrishna, P."]
[Result "1-0"]
[WhiteElo "2547"]
[BlackElo "2741"]
[Annotator "TA"]
[PlyCount "71"]
[EventDate "2017.??.??"]
[EventType "k.o."]
[EventCountry "GEO"]
[SourceTitle "playchess.com"]
[Source "ChessBase"]
[SourceQuality "1"]

{[%evp 25,71,24,24,20,27,23,27,26,25,25,42,29,29,26,71,65,122,122,120,120,159,154,158,168,156,155,156,156,156,146,145,16,18,0,149,150,527,544,561,551,489,450,29940,6170,29984,29985,29997,29998]} 1. e4 e5 2. Nf3 Nf6 3. Nxe5 d6 4. Nf3 Nxe4 5. Nc3 Nxc3 6. dxc3 Be7 7. Be3 Nc6 8. Qd2 Be6 9. O-O-O {C42: Petroff Defence: 3 Nxe5 and unusual White 3rd moves} Qd7 10. Kb1 (10. h4 h6 11. c4 Bf6 12. Nd4 Nxd4 13. Bxd4 Qe7 14. Qf4 Bxd4 15. Qxd4 Qf6 16. Qxf6 gxf6 {1-0 (56) Grischuk,A (2761)-Yu,Y (2753) Jiayuguan 2017}) 10... Bf6 11. Bg5 Bxg5 12. Nxg5 O-O-O 13. Nxe6 fxe6 {LiveBook: 3 Games} 14. g3 e5 15. Bg2 Rhf8 {[#]} 16. Qe3 $146 ({Find the theoretical novelty and annotate with similar games:} 16. Be4 Rf6 {1-0 (68) Quesada Perez,Y (2639)-Gonzalez Vidal,Y (2534) Merida 2013}) 16... Kb8 17. Rd2 Rf6 18. Rhd1 Rdf8 19. c4 Qg4 {[#]} 20. c5 $1 {Bxc6 is the strong threat.} Rxf2 (20... Qd7 $14) 21. Bxc6 $1 $16 bxc6 22. cxd6 cxd6 23. Rxd6 Qc4 24. Rd8+ ({But not} 24. Qxe5 $6 Qxc2+ 25. Ka1 Ka8 $14) 24... Rxd8 25. Rxd8+ $18 {[%mdl 4096] Endgame KQR-KQR} Kc7 26. Qxe5+ Kb6 27. Qe3+ Qc5 28. Qb3+ (28. Qd3 $16 {Hoping for Rb8+.} Rf8 29. b3) 28... Qb5 $1 $11 29. Qe3+ (29. Qxb5+ $11 cxb5 30. a4) 29... Qc5 $1 $16 30. Qd3 {aiming for Rb8+.} Qe5 $2 (30... Rf8 $16 {is tougher.} 31. b3 h6 32. Rxf8 Qxf8 33. Qd4+ Kb7) 31. a3 $18 Qe1+ 32. Ka2 {Intending Rb8+ and mate.} Qe6+ {[#]} 33. c4 $1 a5 (33... Kc7 $18 34. Rh8 Re2) 34. Qd4+ Kc7 35. Ra8 Qf6 36. Ra7+ {Precision: White = 80%, Black = 29%.} 1-0

[Event "FIDE World Cup 2017"]
[Site "Tbilisi"]
[Date "2017.09.03"]
[Round "1.1"]
[White "Hjartarson, Johann"]
[Black "Navara, David"]
[Result "0-1"]
[WhiteElo "2539"]
[BlackElo "2720"]
[Annotator "TA"]
[PlyCount "80"]
[EventDate "2017.??.??"]
[EventType "k.o."]
[EventCountry "GEO"]
[SourceTitle "playchess.com"]
[Source "ChessBase"]
[SourceQuality "1"]

{[%evp 20,80,-6,-5,17,13,18,0,0,0,0,0,0,-29,-1,-26,-33,-77,-77,-87,-80,-77,-80,-106,-93,-99,-99,-140,-141,-185,-177,-180,-181,-201,-200,-247,-236,-236,-242,-228,-232,-243,-227,-220,-214,-314,-297,-402,-383,-408,-407,-394,-379,-398,-389,-379,-353,-384,-385,-383,-381,-366,-355]} 1. c4 g6 2. Nf3 Bg7 3. Nc3 c5 4. d4 cxd4 5. Nxd4 Nc6 6. Nc2 Bxc3+ 7. bxc3 Nf6 8. f3 Qa5 {A35: Symmetrical English: 2 Nc3 Nc6 3 Nf3} (8... d6 9. e4 Be6 10. Ne3 Rc8 11. Be2 O-O 12. O-O Na5 13. Rb1 b6 14. Rb4 Rc5 15. Nd5 Bxd5 16. cxd5 {1-0 (53) Ikonnikov,V (2569)-Jansa,V (2443) Germany 2014}) 9. Qd2 d6 10. e4 Be6 11. Ne3 {LiveBook: 12 Games} Rc8 12. Rb1 b6 13. Be2 O-O 14. O-O Ne5 {[%cal Re6c4]} 15. Rb4 Qc5 $146 ({Find the theoretical novelty and annotate with similar games:} 15... Rc5) 16. Kh1 Qc7 (16... a5 $5 {[%cal Ra5b4]} 17. Rb5 Qc6 $11) 17. Qb2 Nfd7 18. Nd5 Bxd5 19. cxd5 {aiming for f4.} Qxc3 20. Bh6 Rfd8 21. Ba6 Qxb2 22. Rxb2 Rc7 23. Bg5 Nc5 24. Bb5 a6 $1 $36 {[%cal Ra6b5][%mdl 2048] Black is really pushing.} 25. Be2 {[#]} Na4 $1 {[%cal Ra4b2]} 26. Rb4 b5 27. f4 {[#]} f6 $1 28. fxe5 fxg5 29. exd6 exd6 30. Bg4 Nc5 31. h3 h5 32. Be6+ (32. Bf3 $142) 32... Kg7 $19 33. Rbb1 Nxe4 {Hoping for ...Ng3+.Black is winning.} 34. Kg1 Rf8 35. Rfe1 Nc5 36. Re3 Rf4 37. a3 Re4 38. Rf3 Nxe6 39. dxe6 Rxe6 40. Rd1 Rc2 {Precision: White = 36%, Black = 72%.} 0-1

[Event "FIDE World Cup 2017"]
[Site "Tbilisi"]
[Date "2017.09.03"]
[Round "1.1"]
[White "Pourramezanali, Amirreza"]
[Black "Yu, Yangyi"]
[Result "1/2-1/2"]
[WhiteElo "2534"]
[BlackElo "2750"]
[Annotator "TA"]
[PlyCount "142"]
[EventDate "2017.??.??"]
[EventType "k.o."]
[EventCountry "GEO"]
[SourceTitle "playchess.com"]
[Source "ChessBase"]
[SourceQuality "1"]

{[%evp 21,142,13,8,3,6,2,15,0,0,0,26,-21,-19,-21,-15,-38,-18,-20,-8,-39,-42,-62,-62,-62,-62,-62,-62,-62,-62,-62,-62,-62,-62,-62,-62,-91,-91,-98,-72,-82,-82,-82,-70,-45,-52,-51,-55,-50,-51,-85,-65,-72,-71,-72,-68,-81,-75,-134,-133,-107,-110,-125,-125,-266,-57,-39,-46,-51,-57,-51,-31,-31,-31,-31,-31,-31,-31,-29,-9,-32,-8,-8,-8,-8,0,-8,-8,-8,-8,-8,-8,-8,0,-8,0,-8,0,-8,-8,-8,-8,-8,0,0,0,0,0,0,0,0,0,0,0,0,0,0,0,0,0,0,0,0,0]} 1. d4 Nf6 2. Bf4 b6 3. e3 Bb7 4. Nd2 g6 5. h3 Bg7 6. Ngf3 O-O 7. Be2 d6 8. O-O Nbd7 9. a4 {A48: 1 d4 Nf6 2 Nf3 g6: Torre, London and Colle Systems} a6 10. Bh2 Ne4 (10... Qe8 11. Nc4 Ne4 12. c3 e5 13. Qc2 Qe7 14. Rad1 Rad8 {0-1 (70) Agrest,E (2593)-Guseinov,G (2643) chess.com INT 2017}) 11. Nxe4 Bxe4 {LiveBook: 3 Games} 12. c3 (12. Nd2 $5 {[%cal Rd2e4]} Bc6 13. c3 $11) 12... e5 13. Qb3 Qe7 14. Rfd1 Bb7 $146 ({Predecessor:} 14... Kh8 15. dxe5 Nxe5 16. Nxe5 Bxe5 17. Bxe5+ Qxe5 18. Qb4 {½-½ (18) Reich,T (2350)-Wohl,A (2375) Munich 2010}) 15. a5 b5 16. dxe5 Nxe5 17. Nxe5 dxe5 18. Rd2 Rfd8 19. Rad1 c5 20. Rxd8+ Rxd8 21. Rxd8+ Qxd8 22. Qd1 Qxd1+ ({Reject} 22... Qxa5 $6 23. Qd7 $14) 23. Bxd1 $15 {[%mdl 4096] Endgame KBB-KBB} f5 24. Bg3 Kf7 25. f3 Ke6 26. b3 Bd5 27. Be1 Bf6 28. Bc2 {[#]} e4 $1 29. fxe4 fxe4 30. Kf2 Bd8 31. c4 bxc4 32. bxc4 Bxc4 33. Bxe4 Bh4+ 34. g3 Bf6 35. Bc2 Kd5 36. h4 $1 Kc6 37. Ba4+ Bb5 38. Bc2 $1 Kd5 39. h5 (39. Kf3 $142) 39... gxh5 $17 40. Bxh7 h4 41. Kg2 hxg3 42. Kxg3 {[#]} (42. Bxg3 $17 c4 43. Kf3) 42... c4 $2 ({Black should try} 42... Kc4 $1 $19 43. Bc2 Bc3) 43. e4+ $1 $15 Kd4 {aiming for ...Ke3.} 44. Bf2+ Kc3 {Strongly threatening ...Kb3.} 45. Kf4 Kb2 46. e5 Be7 47. e6 c3 {...Bf6 is the strong threat.} 48. Bd4 Kb3 49. Be3 c2 50. Ke5 Kc3 51. Bc1 {The position is equal.} Bc4 52. Be4 Bb5 53. Bg6 Kb3 54. Be4 Bb4 55. Bg6 Bc3+ 56. Kd6 Bb4+ 57. Ke5 Be7 58. Be4 Kc3 59. Bg6 Ba4 60. Be4 Kc4 61. Bg6 Kb4 62. Bd2+ Ka3 63. Bd3 Kb2 64. Bxa6 Bb4 65. Bg5 Bxa5 66. e7 Bb4 {Threatens to win with ...Bxe7!} 67. Ke6 Be8 68. Bc8 Bh5 69. Bb7 c1=Q 70. Bxc1+ Kxc1 71. Bc6 Bxe7 {Precision: White = 70%, Black = 72%.} 1/2-1/2

[Event "FIDE World Cup 2017"]
[Site "Tbilisi"]
[Date "2017.09.03"]
[Round "1.1"]
[White "Sambuev, Bator"]
[Black "Wei, Yi"]
[Result "1-0"]
[WhiteElo "2529"]
[BlackElo "2748"]
[Annotator "TA"]
[PlyCount "47"]
[EventDate "2017.??.??"]
[EventType "k.o."]
[EventCountry "GEO"]
[SourceTitle "playchess.com"]
[Source "ChessBase"]
[SourceQuality "1"]

{[%evp 22,47,-26,-21,-37,-57,-60,-55,0,-12,-15,-1,26,-20,39,31,58,44,83,45,161,175,436,412,525,535,1531,1522]} 1. Nf3 Nf6 2. c4 e6 3. Nc3 d5 4. d4 Bb4 5. g3 O-O 6. Bg2 dxc4 7. O-O Nc6 8. a3 Be7 9. e4 {E20: Nimzo-Indian: 4 g3 and 4 f3} Na5 10. Be3 Rb8 11. Qe2 b5 12. Rad1 {LiveBook: 3 Games} Bb7 $146 ({Find the theoretical novelty and annotate with similar games:} 12... a6 13. d5 Qe8 14. Rfe1 Nb3 15. Bf4 Rb7 16. h3 Nc5 17. dxe6 fxe6 {0-1 (45) Onischuk,A (2662)-Karjakin,S (2762) Baku 2015}) 13. Ne5 a6 14. g4 Ne8 15. d5 exd5 16. Nxd5 Nd6 17. g5 Bxd5 (17... Bxg5 $11 18. Bxg5 Qxg5) 18. Rxd5 $14 c6 19. Rdd1 $36 {[%mdl 2048] White has the initiative.} Qc7 {[#]} 20. Qh5 $1 g6 ({Black should play} 20... Rbd8 $1 $14) 21. Qh6 $18 {And now Bf4 would win.} Nxe4 $2 (21... Rfd8) 22. Nd7 Nd6 {[#]} 23. Bh3 $1 Rfd8 24. Rd4 {Precision: White = 83%, Black = 13%.} ({Not} 24. Nxb8 Qxb8 25. Bd4 Bf8 $14) 1-0

[Event "FIDE World Cup 2017"]
[Site "Tbilisi"]
[Date "2017.09.03"]
[Round "1.1"]
[White "Vakhidov, Jakhongir"]
[Black "Svidler, Peter"]
[Result "0-1"]
[WhiteElo "2518"]
[BlackElo "2756"]
[Annotator "TA"]
[PlyCount "60"]
[EventDate "2017.??.??"]
[EventType "k.o."]
[EventCountry "GEO"]
[SourceTitle "playchess.com"]
[Source "ChessBase"]
[SourceQuality "1"]

{[%evp 19,60,37,34,-8,0,0,0,0,0,0,0,0,0,0,0,-5,-8,-116,-122,-125,-115,-184,-169,-296,-284,-307,-298,-307,-303,-281,-279,-304,-300,-345,-338,-410,-364,-393,-399,-511,-511,-500,-508]} 1. Nf3 c5 2. c4 Nc6 3. Nc3 Nf6 4. e3 e6 5. d4 d5 6. a3 cxd4 7. exd4 Be7 8. c5 Ne4 9. Qc2 Nxc3 10. Qxc3 a5 {LiveBook: 12 Games. B14: Caro-Kann: Panov-Botvinnik Attack with 5...e6 and 5...g6} 11. Bd3 (11. Rb1 O-O 12. b4 axb4 13. axb4 e5 14. Nxe5 Nxe5 15. dxe5 Bf5 16. Bd3 d4 17. Qb3 Bxd3 18. Qxd3 {½-½ (30) Kharlov,A (2593)-Belov,V (2543) Sochi 2004}) 11... O-O 12. b4 $146 ({Find the theoretical novelty and annotate with similar games:} 12. O-O b6 13. Be3 bxc5 14. dxc5 Bf6 15. Qc2 g6 16. Bb5 Bb7 17. Bxc6 Bxc6 18. Nd4 Bxd4 19. Bxd4 {1-0 (58) Pop,V-Orasanu,N Bucharest 1995}) 12... axb4 {The position is equal.} 13. axb4 Rxa1 14. Qxa1 Nxb4 {[#]} 15. Bxh7+ $1 {[%mdl 512]} Kxh7 16. Qb1+ Kg8 {And now ...Nc6 would win.} 17. Qxb4 b6 18. Bf4 (18. Qxb6 $11 {keeps the balance.} Qxb6 19. cxb6) 18... bxc5 $17 19. dxc5 f6 {Strongly threatening ...e5.} 20. Nd4 (20. Bd6 $17 {keeps fighting.}) 20... Bd7 {White must now prevent ...e5.} 21. Nb3 (21. Bd6 $142) 21... e5 $19 {Hoping for ...Qb8.} 22. Bd2 Qb8 23. Qb6 {[#]} Qxb6 $1 24. cxb6 Rb8 25. Ba5 Ba4 26. Nc1 Ra8 27. Bd2 Ra6 28. O-O Rxb6 29. Ne2 Rb2 30. Nc3 Bc6 {Precision: White = 29%, Black = 96%.} 0-1

[Event "FIDE World Cup 2017"]
[Site "Tbilisi"]
[Date "2017.09.03"]
[Round "1.1"]
[White "Smirnov, Anton"]
[Black "Karjakin, Sergey"]
[Result "1/2-1/2"]
[WhiteElo "2508"]
[BlackElo "2780"]
[Annotator "TA"]
[PlyCount "59"]
[EventDate "2017.??.??"]
[EventType "k.o."]
[EventCountry "GEO"]
[SourceTitle "playchess.com"]
[Source "ChessBase"]
[SourceQuality "1"]

{[%evp 19,59,35,24,31,23,29,29,29,24,35,38,24,34,26,64,7,24,31,35,23,18,12,20,22,22,2,31,14,56,65,71,19,14,7,12,12,8,0,0,0,0,0]} 1. d4 Nf6 2. c4 e6 3. Nf3 d5 4. Nc3 Nbd7 5. Bf4 dxc4 6. e3 {D37: Queen's Gambit Declined: 5 Bf4} b5 7. Nxb5 Bb4+ 8. Nc3 Nd5 9. a3 Nxc3 10. Qd2 Nd5 {LiveBook: 6 Games} (10... Bxa3 11. Qxc3 Bd6 12. Bxd6 cxd6 13. Bxc4 O-O {½-½ (30) So,W (2794)-Anand,V (2779) London 2016}) 11. axb4 Nxf4 12. exf4 Bb7 $146 ({Find the theoretical novelty and annotate with similar games:} 12... Nb6 13. Be2 Bb7 {½-½ (76) Brunner,N (2469)-Studer,N (2436) Novi Sad 2016}) 13. Be2 O-O 14. O-O Nb6 15. Rfd1 Qd6 16. Ne5 a6 17. Rac1 (17. Ra5 $14) 17... Rfb8 18. Nxc4 Nxc4 19. Rxc4 Bd5 20. Rc5 Rb6 21. Rdc1 c6 22. Bc4 h6 23. Bxd5 exd5 24. g3 Qd7 25. b5 (25. Qc3 $16) 25... axb5 $11 {The position is equal.} 26. Re1 Rba6 27. Rc3 Ra1 28. Rce3 Rxe1+ 29. Rxe1 Re8 30. Rxe8+ {Precision: White = 50%, Black = 52%.} 1/2-1/2

[Event "FIDE World Cup 2017"]
[Site "Tbilisi"]
[Date "2017.09.03"]
[Round "1.1"]
[White "Yeoh, Li Tian"]
[Black "Anand, Viswanathan"]
[Result "0-1"]
[WhiteElo "2478"]
[BlackElo "2794"]
[Annotator "TA"]
[PlyCount "132"]
[EventDate "2017.??.??"]
[EventType "k.o."]
[EventCountry "GEO"]
[SourceTitle "playchess.com"]
[Source "ChessBase"]
[SourceQuality "1"]

{[%evp 17,132,18,12,16,14,0,37,0,16,0,14,-7,0,0,0,-14,-9,-11,0,-22,0,0,0,-14,-21,-9,-15,-7,-2,-39,-46,-55,-43,-60,-50,-50,-35,-67,-44,-66,-79,-145,-145,-145,-138,-131,-131,-169,-160,-180,-184,-183,-180,-191,-183,-187,-183,-180,-180,-183,-183,-238,-180,-213,-216,-214,-174,-181,-181,-235,-215,-283,-283,-283,-283,-283,-283,-283,-283,-283,-277,-283,-283,-411,-411,-516,-516,-484,-365,-365,-365,-365,0,-238,-231,-421,-231,-676,-654,-654,-213,-531,-531,-641,-430,-810,-728,-1107,-1043,-1043,-981,-1112,-1050,-1091,-831,-1340,-1323]} 1. e4 c5 2. c3 d5 3. exd5 Qxd5 4. d4 g6 5. Nf3 Bg7 6. Be2 cxd4 7. cxd4 Nf6 8. Nc3 Qd6 {B06: Modern Defence} 9. O-O O-O {LiveBook: 3 Games} 10. Qb3 Na6 $146 {The position is equal.} ({Find the theoretical novelty and annotate with similar games:} 10... Nc6 11. Rd1 Qb4 12. d5 Qxb3 13. axb3 Nb4 14. Bf4 Ne8 15. Be3 Na6 16. Nd4 Nac7 17. Ndb5 Nxb5 18. Nxb5 a6 19. Nc3 {½-½ (19) Zhang,P (2562)-Ni,H (2390) Budapest 2000}) 11. Rd1 (11. Nb5 $5 {[%cal Rb5d6]} Qb4 12. Bd2 Qxb3 13. axb3 $14) 11... b6 12. Ne5 (12. Nb5 $5 {[%cal Rb5d6]} Qd8 13. Ne5 $14) 12... Nc7 13. Nc4 Qd8 $1 14. Bf4 Ncd5 15. Nxd5 Nxd5 16. Be5 Be6 17. Qa3 Bh6 18. Ne3 a5 19. Bf3 Ra7 20. Bxd5 Bxd5 21. Nf5 {[%cal Rf5h6]} Bg5 22. Qg3 Bf6 ({Reject} 22... f6 $6 23. Qxg5 $1 {[%mdl 512]} e6 24. Nh6+ Kh8 25. Rdc1 $16) 23. Bxf6 (23. Ne3 {is more complex.} Rd7 24. b3 Bxe5 25. dxe5 b5 26. f4) 23... exf6 24. Ne3 Rd7 25. Rd2 Re8 26. b3 h5 27. Rad1 Kh7 28. Qf4 Re4 29. Nxd5 (29. Qg3 $142) 29... Rxf4 $17 30. Nxf4 Rc7 31. d5 Qd6 32. Ne2 b5 33. h3 h4 34. Kh1 Kg7 35. Ng1 g5 36. Nf3 Rc5 37. Kg1 Kg6 38. Rd4 f5 39. Nh2 (39. R4d2 $142) 39... f6 40. Nf1 Rc2 41. a4 Rc5 42. axb5 Rxb5 43. R1d3 (43. R4d3 {is a better defense.}) 43... Rc5 $19 44. Ne3 Rc1+ $1 45. Rd1 {[#]} Rxd1+ $1 46. Rxd1 {[%mdl 4096] Endgame [#] intending Nc4. KQ-KRN} Kf7 $1 47. Nxf5 Qb4 48. Nd4 Qb7 49. d6 {Black must now prevent Nc6!} Qd5 50. f3 (50. Rd2 $142 Qxd6 51. Rd3) 50... Qxd6 51. Rd3 {[#]} f5 $1 {[%mdl 512]} 52. Kf2 (52. Nxf5 Qxd3) 52... Kf6 53. Ke2 {and the idea Nxf5! leaves White hopeful.} Qh2 54. Kf2 Qd6 55. Ke2 $1 {If only White now had time for Nxf5!...} Qe5+ 56. Kf2 $2 (56. Kd1 {is the only way for White.}) 56... Qc5 (56... f4 $142 57. Kf1 Qc5) 57. Kf1 $2 (57. Ke2) 57... Qc1+ 58. Kf2 Qb1 $2 (58... f4 59. Ne2 Qb1) 59. Rc3 $2 (59. Rd2 {was the crucial defense.}) 59... f4 {Black is clearly winning.} 60. Ne2 Ke7 61. Rc7+ (61. Nc1 $142 Qb2+ 62. Ne2) 61... Kd6 62. Rc3 Qd1 63. Rc1 Qxb3 64. Ke1 a4 {[%cal Ba5a4,Ba4a3,Ba3a2][%mdl 32]} 65. Nc3 a3 66. Kd2 a2 {Precision: White = 40%, Black = 68%.} 0-1

[Event "FIDE World Cup 2017"]
[Site "Tbilisi"]
[Date "2017.09.03"]
[Round "1.1"]
[White "Khusenkhojaev, Muhammad"]
[Black "Vachier-Lagrave, Maxime"]
[Result "1/2-1/2"]
[WhiteElo "2455"]
[BlackElo "2804"]
[Annotator "TA"]
[PlyCount "44"]
[EventDate "2017.??.??"]
[EventType "k.o."]
[EventCountry "GEO"]
[SourceTitle "playchess.com"]
[Source "ChessBase"]
[SourceQuality "1"]

{[%evp 16,44,33,0,25,25,17,19,55,45,65,58,75,63,68,61,86,70,100,103,103,96,107,71,88,93,99,79,97,77,85]} 1. d4 Nf6 2. Nf3 g6 3. c4 Bg7 4. g3 c5 5. Bg2 O-O 6. O-O cxd4 7. Nxd4 d5 8. cxd5 Nxd5 9. Nb5 {LiveBook: 130 Games} e6 {D73: Fianchetto Grünfeld: 5 Nf3} 10. N1c3 {[%cal Bb1c3,Bc3d5,Bd5b4,Bb4d3][%mdl 32]} a6 11. Nxd5 axb5 {The position is equal.} 12. Nb4 Qe7 $146 ({Predecessor:} 12... Qa5 13. Nd3 Nc6 14. Bd2 Qa7 15. a3 Bd7 16. Rc1 Rfd8 17. Bg5 {½-½ (34) Juhasz,B (2285)-Blasko,I (2220) Gyongyos 1999}) 13. Qb3 Ra4 14. Nd3 Nc6 15. Qxb5 Ra5 16. Qb6 Bd4 17. Qb3 {White is better.} Rd8 18. Bd2 Ra6 19. e3 Rb6 20. Qc2 Bg7 {[#] Threatens to win with ...Qd6.} 21. Bc3 e5 22. a3 Bf5 1/2-1/2